000
00316nam a22001337a 4500
008
170411b xxu||||| |||| 00| 0 eng d
020
_a
2900470128663
041
_a
eng
080
_2
7TH
_a
612.39
100
_a
9
101
_a
SHM
245
_a
DESIGN AND ANALYSIS OF EXPERIMENTS
_c
MONTGOMERY, D.C
942
_2
udc
_c
BK
999
_c
10327
_d
10327